Entry Término temático
001 - NÚMERO DE CONTROL
- campo de control: 73156
003 - IDENTIFICADOR DEL NÚMERO DE CONTROL
- campo de control: BNPHU
005 - FECHA Y HORA DE LA ÚLTIMA TRANSACCIÓN
- campo de control: 20250522113441.0
008 - DATOS DE LONGITUD FIJA
- campo de control de longitud fija: 200615|| aca||aabn | a|a d
010 ## - NÚMERO DE CONTROL DE LA BIBLIOTECA DEL CONGRESO
- Número de control de LC: sh 85023448
040 ## - FUENTE DE LA CATALOGACIÓN
- Centro catalogador/agencia de origen: DO-SdBNP
- Lengua de catalogación: spa
- Centro/agencia transcriptor: BNPHU
- Normas de descripción: rda
150 ## - ENCABEZAMIENTO--TÉRMINO DE MATERIA
- Término de materia o nombre geográfico como elemento de entrada: Niños
- Subdivisión general: crecimiento
450 0# - TRAZADO DE VÉASE--TÉRMINO DE MATERIA
- Término de materia o nombre geográfico como elemento de entrada: Children
- Subdivisión general: Growth
450 0# - TRAZADO DE VÉASE--TÉRMINO DE MATERIA
- Término de materia o nombre geográfico como elemento de entrada: Crecimiento de niños
450 0# - TRAZADO DE VÉASE--TÉRMINO DE MATERIA
- Término de materia o nombre geográfico como elemento de entrada: Crecimiento infantil
550 ## - TRAZADO VÉASE ADEMÁS--TÉRMINO DE MATERIA
- Término de materia o nombre geográfico como elemento de entrada: Desarrollo infantil
- Subcampo de control: g
550 ## - TRAZADO VÉASE ADEMÁS--TÉRMINO DE MATERIA
- Término de materia o nombre geográfico como elemento de entrada: Crecimiento humano
- Subcampo de control: g
550 ## - TRAZADO VÉASE ADEMÁS--TÉRMINO DE MATERIA
- Término de materia o nombre geográfico como elemento de entrada: Antropología física
- Subcampo de control: g
670 ## - FUENTE DE DATOS ENCONTRADOS
- Cita de la fuente: Work cat.: (OSt)44630: Guía de la evaluación del proceso del desarrollo del niño y la niña :, 1998.
670 ## - FUENTE DE DATOS ENCONTRADOS
- Identificador Uniforme del Recurso: https://librunam.dgb.unam.mx:8443/F/A1955BK7HJED3SGA6G98DKRAPQYCE9C3FTNYJKAV4TGF2RPJR1-01238?func=full-set-set&set_number=000934&set_entry=000001&format=001 Consultado en 21 de Mayo, 2025
670 ## - FUENTE DE DATOS ENCONTRADOS
- Identificador Uniforme del Recurso: https://authorities.loc.gov/cgi-bin/Pwebrecon.cgi?AuthRecID=4675916&v1=1&HC=1&SEQ=20250521102807&PID=oyeseDMhPmSh4AuiWp4f8Z3Ou9RM Consultado en 21 de Mayo, 2025
681 ## - NOTA DE EJEMPLO DE TRAZADO DE MATERIA
- Texto explicativo: Ejemplo bajo
- Encabezamiento de materia o término de subdivisión: Crecimiento humano
750 ## - ENTRADA DE ENLACE DE ENCABEZAMIENTO ESTABLECIDO--TÉRMINO DE MATERIA
- Término de materia o nombre geográfico como elemento de entrada: Children
- Subdivisión general: Growth
- Número de control del registro de autoridad o número normalizado: sh 85023448
